=LDR 00000nam 2200000 4500 =001 INLIS000000000015337 =005 20130612110622 =008 ***********************************Ind** =035 ##$$0010-061300000015337 =041 ##$$a Ind =082 ##$$a 650.13 =090 ##$$a 650.13, FAS-s =100 ##$$a Fast, Julius =245 ##$$a Subtext, Manfaatnya dalam Dunia Politik, Bisnis dan Pengalan, Julius Fast =260 ##$$a 1991 $b Solo =300 ##$$a 360 hlm, 21 cm =650 ##$$a Subtext =700 ##$$a Juliawati, Panca =850 ##$$a NBPNMAT